| 000 | 00425nam a2200181 4500 | ||
|---|---|---|---|
| 005 | 20150616154001.0 | ||
| 008 | 000 | ||
| 020 | _a0028278798 | ||
| 040 | _aUOEL | ||
| 050 |
_aQ161.2 _b.M32 1997 |
||
| 100 | _aGlencoe | ||
| 245 |
_aPhysical Science ; _bGlencoe |
||
| 260 |
_aNewYork ; _bGlencoe McGraw-Hill , _cc1997. |
||
| 300 |
_axxiv, 806 p. : _bill. ; |
||
| 500 | _aincludes index | ||
| 650 | _aScience | ||
| 942 |
_2lcc _cLL |
||
| 999 |
_c10276 _d10276 |
||